000 00944nac a22002897a 4500
001 BR0504894
003 BR-BrBNA
005 20240105123217.0
008 230509b bl.|||m| |||| 00| 0 por d
040 _aBR-BrBNA
_bpor
_cBiblioteca Nacional de Agricultura
072 _aL01; L74
090 _a6100 BR0504894
100 1 _aRaimo, H.F.
110 1 _aSecretaria da Agricultura, São Paulo, SP (Brasil). Depto. da Produção Animal
245 1 _aO sal de cozinha como curativo no canibalismo das aves
260 3 _aSão Paulo, SP (Brasil):
_c[nd].
300 _a3 p.
490 _aSérie de Vulgarização. Avicultura - Secretaria da Agricultura. Depto. da Produção Animal (Brazil)
_vno. 4
_x
650 _aAVE DOMÉSTICA
650 _aSAL
650 _aMANEJO
650 _aMEDICAMENTO
650 _aCANIBALISMO
650 _aCOMPORTAMENTO ANIMAL
909 _a202312
_bLúcia Elande
_c55
_dLúcia Elande
942 _2AGRIS
_n0
_cMS
999 _c294456
_d294456